"Controllingový projekt roku 2007" - 2. místo. Projekt: Optimalizace rozborové činnosti a analýza odchylek v JIP - Papírny Větřní, a.s.

Cieľom projektu bolo skvalitnenie riadenia hospodárskeho výsledku spoločnosti, zavedenia nástroja pre analyzovanie odchýlok od plánu a poskytnutie spoľahlivých informácií managementu spoločnosti pre nastavenie riadenia. Predstavenie spoločnosti. Informácie o kontrolingu . Dosiahnuté výsledky. Stanov...

Description complète

Enregistré dans:
Détails bibliographiques
Auteur principal: Morong, Michal
Format: Chapitre de livre
Langue:tchèque
Sujets:
Tags: Ajouter un tag
Pas de tags, Soyez le premier à ajouter un tag!

MARC

LEADER 00000naa$a2200000$$$4500
001 0085656
005 20230509080216.9
041 0 |a cze 
044 |a CZ 
245 1 0 |a "Controllingový projekt roku 2007" - 2. místo. Projekt: Optimalizace rozborové činnosti a analýza odchylek v JIP - Papírny Větřní, a.s.  |c Michal Morong 
520 |a Cieľom projektu bolo skvalitnenie riadenia hospodárskeho výsledku spoločnosti, zavedenia nástroja pre analyzovanie odchýlok od plánu a poskytnutie spoľahlivých informácií managementu spoločnosti pre nastavenie riadenia. Predstavenie spoločnosti. Informácie o kontrolingu . Dosiahnuté výsledky. Stanovisko dvoch interných užívateľov - zákazníkov riešenia. 
610 2 0 |a kontroling 
610 2 0 |a projekty 
610 2 0 |a výsledok hospodársky 
610 2 0 |a metodika 
100 1 |a Morong, Michal